Сводный каталог сибирской и дальневосточной книги. 1790-1917 гг. (Запись № 1666315)
[ простой вид ]
| 000 -МАРКЕР | |
|---|---|
| контрольное поле | 01785nam1a2200361 i 4500 |
| 001 - ИДЕНТИФИКАТОР ЗАПИСИ | |
| контрольное поле | RU\NLR\bibl\591291 |
| 005 - ИДЕНТИФИКАТОР ВЕРСИИ | |
| контрольное поле | 20260407082637.0 |
| 010 ## - МЕЖДУНАРОДНЫЙ СТАНДАРТНЫЙ НОМЕР КНИГИ (ISBN) | |
| Номер (ISBN) | 5-94560-085-7 |
| 035 ## - ДРУГИЕ СИСТЕМНЫЕ НОМЕРА | |
| Идентификатор записи | (NLR Aleph) 000583262 |
| 100 ## - ДАННЫЕ ОБЩЕЙ ОБРАБОТКИ | |
| Данные общей обработки | 20041227d20049999u y0rusy50 ca |
| 101 0# - ЯЗЫК РЕСУРСА | |
| Язык текста, звукозаписи и т.д. | русский |
| Язык резюме | английский |
| 102 ## - СТРАНА ПУБЛИКАЦИИ ИЛИ ПРОИЗВОДСТВА | |
| Страна публикации | Российская Федерация |
| 105 ## - ПОЛЕ КОДИРОВАННЫХ ДАННЫХ: ТЕКСТОВЫЕ МАТЕРИАЛЫ, МОНОГРАФИЧЕСКИЕ | |
| Кодированные данные о монографическом текстовом документе | ||||g ||||| |
| 200 1# - ЗАГЛАВИЕ И СВЕДЕНИЯ ОБ ОТВЕТСТВЕННОСТИ | |
| Основное заглавие | Сводный каталог сибирской и дальневосточной книги. 1790-1917 гг. |
| Сведения, относящиеся к заглавию | В 3 т. |
| Первые сведения об ответственности | Сиб. отд-ние РАН, Гос. публ. науч.-техн. б-ка |
| Последующие сведения об ответственности | [Отв. сост. Р.Е. Павлова |
| -- | Науч. ред. к.п.н. Е.Б. Соболева] |
| 210 ## - ПУБЛИКАЦИЯ, РАСПРОСТРАНЕНИЕ И ДР. | |
| Место издания, распространения и т.д. | Новосибирск |
| Имя издателя, распространителя и т. д. | ГПНТБ СО РАН |
| Дата издания, распространения и т.д. | 2004 |
| 215 ## - ФИЗИЧЕСКАЯ ХАРАКТЕРИСТИКА | |
| Размеры | 27 |
| 300 ## - ОБЩИЕ ПРИМЕЧАНИЯ | |
| Текст примечания | Рез. на англ. яз. |
| 463 #0 - УРОВЕНЬ ФИЗИЧЕСКОЙ ЕДИНИЦЫ | |
| Встроенное поле | 001579471 |
| 463 #0 - УРОВЕНЬ ФИЗИЧЕСКОЙ ЕДИНИЦЫ | |
| Встроенное поле | 001802466 |
| 463 #0 - УРОВЕНЬ ФИЗИЧЕСКОЙ ЕДИНИЦЫ | |
| Встроенное поле | 001866789 |
| 606 0# - НАИМЕНОВАНИЕ ТЕМЫ КАК ПРЕДМЕТ | |
| Наименование темы | Книги |
| Формальный подзаголовок | Сводные каталоги |
| Географический подзаголовок | Сибирь |
| Хронологический подзаголовок | 1790 - 1917 |
| Системный номер авторитетной/нормативной записи | 2357182 |
| Идентификатор авторитетной/нормативной записи | RU\NLR\auth\661407878 |
| 606 0# - НАИМЕНОВАНИЕ ТЕМЫ КАК ПРЕДМЕТ | |
| Наименование темы | Книги |
| Формальный подзаголовок | Сводные каталоги |
| Географический подзаголовок | Дальний Восток |
| Хронологический подзаголовок | 1790 - 1917 |
| Системный номер авторитетной/нормативной записи | 2357191 |
| Идентификатор авторитетной/нормативной записи | RU\NLR\auth\661407883 |
| 686 ## - ИНДЕКСЫ ДРУГИХ КЛАССИФИКАЦИЙ | |
| Индекс | Я12(28) |
| 702 #1 - ИМЯ ЛИЦА - ВТОРИЧНАЯ ОТВЕТСТВЕННОСТЬ | |
| Начальный элемент ввода | Павлова |
| Часть имени, кроме начального элемента ввода | Р. Е. |
| Расширение инициалов личного имени | Римма Евдокимовна |
| Код отношения | Составитель |
| 702 #1 - ИМЯ ЛИЦА - ВТОРИЧНАЯ ОТВЕТСТВЕННОСТЬ | |
| Код отношения | Редактор |
| Материалы, к которым относится поле | rus |
| Графика поля | Кириллица |
| Начальный элемент ввода | Соболева |
| Часть имени, кроме начального элемента ввода | Е. Б. |
| Дополнения к именам, кроме дат | канд. пед. наук, библ. дело |
| Даты | 1945-2008 |
| Расширение инициалов личного имени | Елена Борисовна |
| Идентификатор авторитетной/нормативной записи | RU\NLR\auth\7737126 |
| Системный номер авторитетной/нормативной записи | 20115 |
| 712 02 - НАИМЕНОВАНИЕ ОРГАНИЗАЦИИ - ВТОРИЧНАЯ ОТВЕТСТВЕННОСТЬ | |
| Код отношения | Прочие |
| Начальный элемент ввода | Государственная публичная научно-техническая библиотека |
| Идентифицирующий признак | Новосибирск |
| Идентификатор авторитетной/нормативной записи | RU\NLR\AUTH\888824 |
| Системный номер авторитетной/нормативной записи | 290140 |
| 801 #0 - ИСТОЧНИК ЗАПИСИ | |
| Страна | Российская Федерация |
| Организация | NLR |
| Дата составления | 20041227 |
| Правила каталогизации | PSBO |
| 801 #1 - ИСТОЧНИК ЗАПИСИ | |
| Страна | Российская Федерация |
| Организация | NLR |
| Дата составления | 20041227 |
| 830 ## - ОБЩЕЕ ПРИМЕЧАНИЕ, СОСТАВЛЕННОЕ КАТАЛОГИЗАТОРОМ | |
| Текст примечания | Сост. по ГАК, ред. поЭК |
| 852 ## - МЕСТОНАХОЖДЕНИЕ И ШИФР ХРАНЕНИЯ | |
| Идентификатор организации | NLR |
| Шифр хранения (Call Number) | С 2004-4/116 |
| 942 ## - ДОПОЛНИТЕЛЬНЫЕ ЭЛЕМЕНТЫ ЗАПИСИ (АБИС) | |
| Тип экземпляра АБИС | Книга |
Нет доступных экземпляров.